[Event "C.to Provinciale PV"]
[Site "Vigevano ITA"]
[Date "2007.01.06"]
[Round "5"]
[White "Berra, Davide"]
[Black "Madaschi, Sergio"]
[Result "1-0"]
[WhiteElo "2206"]
[BlackElo "1520"]
[PlyCount "105"]
[EventDate "2007.01.04"]

1. d4 Nf6 2. c4 g6 3. Nc3 Bg7 4. e4 d6 5. Nf3 O-O 6. h3 e5 7. d5 c6 8. Bg5 Qa5
9. Qd2 cxd5 10. cxd5 Nbd7 11. a3 a6 12. Bd3 Qc7 13. Rc1 Nc5 14. Bb1 Nb3 15. Qd1
Nxc1 16. Qxc1 Bd7 17. Qd2 b5 18. Bd3 Qb7 19. b4 Rfc8 20. O-O Rc7 21. Nh2 Rac8
22. Ne2 Be8 23. Ng4 Nxg4 24. hxg4 Bd7 25. f3 f6 26. Be3 Rf8 27. Ra1 Ra8 28. Nc1
Qc8 29. Nb3 Qf8 30. Na5 f5 31. gxf5 gxf5 32. Rf1 Bc8 33. Nc6 f4 34. Bb6 Rf7 35.
Bc2 Bf6 36. Bf2 Rg7 37. Be1 Bh3 38. Rf2 Bh4 39. Re2 Bxe1 40. Qxe1 Rg3 41. Rf2
Qg7 42. Qd2 Rf8 43. Kf1 Bd7 44. Ke1 Rf6 45. Bd3 Rfg6 46. Bf1 Qh6 47. Ne7+ Kh8
48. Nxg6+ Qxg6 49. Qc3 Qe8 50. Qc7 Qc8 51. Rc2 Rg8 52. Kd2 h6 53. Qxd6 1-0

[Event "C.to Provinciale PV"]
[Site "Vigevano ITA"]
[Date "2007.01.06"]
[Round "5"]
[White "Bosi, Clint"]
[Black "Luise, Massimo"]
[Result "1-0"]
[WhiteElo "2048"]
[BlackElo "1488"]
[PlyCount "49"]
[EventDate "2007.01.04"]

1. e4 e6 2. d4 d5 3. Nc3 dxe4 4. Nxe4 Bd7 5. Nf3 Bc6 6. Bd3 Nd7 7. Qe2 Ngf6 8.
Neg5 h6 9. Nxe6 fxe6 10. Bg6+ Ke7 11. Bd2 a5 12. O-O-O b5 13. Rhe1 Bd5 14. Qxb5
Qb8 15. Qe2 Nb6 16. Ne5 Qb7 17. c4 Nxc4 18. Nxc4 Qc6 19. Bd3 Bxg2 20. Kb1 Qd5
21. Ne3 Qb7 22. Nxg2 Qxg2 23. Qxe6+ Kd8 24. Be4 Nxe4 25. Qd5+ 1-0

[Event "C.to Provinciale PV"]
[Site "Vigevano ITA"]
[Date "2007.01.06"]
[Round "5"]
[White "Melino, Gianluca"]
[Black "Cornalba, Francesco"]
[Result "1-0"]
[WhiteElo "1637"]
[BlackElo "1440"]
[PlyCount "89"]
[EventDate "2007.01.04"]

1. d4 d5 2. e4 c6 3. Nc3 Nf6 4. Bg5 h6 5. Bxf6 gxf6 6. exd5 cxd5 7. Qh5 Rg8 8.
g3 Qa5 9. Qxd5 Qb4 10. Qb5+ Qxb5 11. Nxb5 Bd7 12. Nc7+ Kd8 13. Nxa8 Na6 14. c3
e6 15. Ne2 Bd6 16. Bg2 Bc6 17. Bxc6 bxc6 18. d5 cxd5 19. Nd4 Re8 20. O-O Kd7
21. Nb5 Be5 22. f4 Bb8 23. Rad1 Rc8 24. f5 Re8 25. fxe6+ Rxe6 26. Rxd5+ Ke7 27.
Rfd1 Re2 28. Rd7+ Kf8 29. Nac7 Nc5 30. Rd8+ Kg7 31. Rxb8 Nd7 32. Rxd7 Kg6 33.
Ne8 Kf5 34. Rxf7 Ke4 35. Re7+ Kd3 36. Rxe2 Kxe2 37. Nxf6 Kd2 38. Nc7 Kc2 39. h3
Kb1 40. a3 Kc2 41. g4 h5 42. g5 a5 43. g6 h4 44. g7 Kd2 45. g8=Q 1-0

[Event "C.to Provinciale PV"]
[Site "Vigevano ITA"]
[Date "2007.01.06"]
[Round "5"]
[White "Sparpaglione, Bruno"]
[Black "Giuberchio, Cesare"]
[Result "0-1"]
[WhiteElo "1772"]
[BlackElo "1937"]
[PlyCount "60"]
[EventDate "2007.01.04"]

1. d4 Nf6 2. Nf3 c5 3. e3 b6 4. c4 Bb7 5. Nc3 g6 6. d5 Bg7 7. Be2 O-O 8. O-O d6
9. Nd2 Nbd7 10. h3 a6 11. a4 e6 12. e4 Qe7 13. Nf3 Rfe8 14. Bd3 exd5 15. exd5
Ne5 16. Nxe5 Qxe5 17. Qc2 Bc8 18. Ne2 Nd7 19. Ra2 Qh5 20. f4 Nf6 21. Rf3 Ra7
22. Be3 Rae7 23. Ng3 Qh6 24. Nf1 Nh5 25. Kh2 Rxe3 26. Nxe3 Rxe3 27. Qf2 Rxf3
28. Qxf3 Nxf4 29. b3 Be5 30. Kh1 Nxd3 0-1

[Event "Open DLF"]
[Site "Udine ITA"]
[Date "2007.01.24"]
[Round "1"]
[White "Biason, Adriano"]
[Black "Di Tomaso, Fausto"]
[Result "1-0"]
[WhiteElo "1901"]
[BlackElo "1541"]
[PlyCount "87"]
[EventDate "2007.01.24"]

1. d4 Nf6 2. c4 g6 3. e3 Bg7 4. Nc3 O-O 5. Bd3 d6 6. f4 c6 7. e4 e5 8. fxe5
dxe5 9. d5 Ng4 10. Nf3 Qb6 11. Qe2 Bd7 12. h3 Nh6 13. Be3 Qc7 14. O-O f6 15. b4
f5 16. d6 Qc8 17. c5 f4 18. Bc4+ Kh8 19. Bd2 Bf6 20. Rac1 g5 21. Nxg5 Bxg5 22.
Qh5 Qd8 23. h4 Bxh4 24. Qxe5+ Bf6 25. Bxf4 Ng4 26. Qh5 Bd4+ 27. Kh1 Qe8 28.
Qxe8 Rxe8 29. Bg5 b5 30. Bf7 Rc8 31. Rfe1 Nf2+ 32. Kh2 Ng4+ 33. Kg3 Be5+ 34.
Kh4 h6 35. Be7 a5 36. a3 a4 37. Nd5 cxd5 38. exd5 Bxd6 39. Bxd6 Kg7 40. Bh5 Nf6
41. Re7+ Kg8 42. Bf7+ Kh8 43. Be5 Kg7 44. Bh5+ 1-0

[Event "Open DLF"]
[Site "Udine ITA"]
[Date "2007.01.24"]
[Round "1"]
[White "Bisaro, Andrea"]
[Black "Menon, Michele"]
[Result "1-0"]
[WhiteElo "1506"]
[BlackElo "1777"]
[PlyCount "131"]
[EventDate "2007.01.24"]

1. d4 d6 2. c4 g6 3. e4 Bg7 4. Nc3 Nc6 5. Be3 e5 6. d5 Nd4 7. Nge2 Nxe2 8. Bxe2
Ne7 9. Qd2 f5 10. Bh6 Bf6 11. h4 f4 12. Bg5 Ng8 13. Bxf6 Qxf6 14. Nb5 Qe7 15.
Qa5 b6 16. Qa4 Kd8 17. Nxa7 Bd7 18. Nc6+ Bxc6 19. Qxc6 Ra7 20. b4 h5 21. a4 Qf6
22. a5 Ne7 23. Qb5 g5 24. c5 dxc5 25. bxc5 Nc8 26. d6 bxa5 27. dxc7+ Rxc7 28.
Qxa5 Rhh7 29. Rd1+ Ke8 30. Qb5+ Kf8 31. Qa5 g4 32. Rd6 Ra7 33. Rd8+ Ke7 34. Qd2
Ra1+ 35. Bd1 Qc6 36. O-O Kf6 37. g3 Qc7 38. gxf4 exf4 39. Rxc8 Qxc8 40. Qd4+
Kg6 41. Qxa1 Qxc5 42. Qa6+ Kg7 43. Bb3 Rh6 44. Qb7+ Kh8 45. Qb8+ Kg7 46. Qxf4
Rf6 47. Rc1 Rxf4 48. Rxc5 Rxe4 49. Rxh5 Rb4 50. Be6 Kf6 51. Bd7 Rd4 52. Bc6 Rc4
53. Kg2 Kg6 54. Rg5+ Kf6 55. Bd7 Rc3 56. Bxg4 Rb3 57. Bf3 Rb4 58. Kg3 Rb1 59.
Kf4 Rb4+ 60. Be4 Rb2 61. f3 Rh2 62. h5 Rh4+ 63. Rg4 Rxh5 64. Rg6+ Kf7 65. Rg5
Rxg5 66. Kxg5 1-0

[Event "Open DLF"]
[Site "Udine ITA"]
[Date "2007.01.24"]
[Round "1"]
[White "Cellante, Francesco"]
[Black "Fusco, Ferdinando"]
[Result "1-0"]
[WhiteElo "1422"]
[BlackElo "1612"]
[PlyCount "73"]
[EventDate "2007.01.24"]

1. d4 d5 2. c4 e6 3. Nc3 Nf6 4. Bg5 Nbd7 5. Nf3 Be7 6. e3 O-O 7. Bd3 dxc4 8.
Bxc4 h6 9. Bh4 a6 10. a4 c6 11. Rc1 b5 12. axb5 cxb5 13. Bd3 Bb7 14. O-O Rc8
15. Nd2 e5 16. Bxf6 Nxf6 17. Bf5 Rc7 18. dxe5 Nd7 19. e6 fxe6 20. Bxe6+ Kh8 21.
Nde4 Qe8 22. Nd6 Qg6 23. Nxb7 Qxe6 24. Na5 Rc5 25. Nb3 Rg5 26. Ne2 Qh3 27. Ng3
Qe6 28. Nd4 Qd6 29. Rc6 Qd5 30. Rxa6 Nc5 31. Ra7 Bd6 32. f4 Rg6 33. Qh5 Qxh5
34. Nxh5 Ne4 35. Rd1 Bb4 36. Kf1 Bd2 37. Re7 1-0

[Event "Open DLF"]
[Site "Udine ITA"]
[Date "2007.01.24"]
[Round "1"]
[White "Guida, Giulia"]
[Black "Agostino, Alessandro"]
[Result "0-1"]
[WhiteElo "1377"]
[BlackElo "1592"]
[PlyCount "28"]
[EventDate "2007.01.24"]

1. e4 d6 2. f4 Nf6 3. Nc3 c6 4. Nf3 Qb6 5. Be2 Ng4 6. d4 g6 7. O-O e5 8. fxe5
dxe5 9. Kh1 Bg7 10. Ng5 f5 11. Bc4 Rf8 12. Be6 Qc7 13. Bxc8 exd4 14. Ne6 Qxh2#
0-1

[Event "Open DLF"]
[Site "Udine ITA"]
[Date "2007.01.24"]
[Round "1"]
[White "Lagomarsino, Piero"]
[Black "La Mura, Giuseppe"]
[Result "0-1"]
[WhiteElo "1536"]
[BlackElo "1901"]
[PlyCount "121"]
[EventDate "2007.01.24"]

1. e4 e5 2. Nf3 Nc6 3. Bc4 Bc5 4. c3 Nf6 5. d4 exd4 6. cxd4 Bb4+ 7. Nc3 O-O 8.
Bg5 h6 9. Bh4 g5 10. Nxg5 hxg5 11. Bxg5 Re8 12. O-O Bxc3 13. bxc3 d5 14. Bxd5
Qd6 15. Bxf7+ Kxf7 16. e5 Nxe5 17. dxe5 Qxd1 18. Raxd1 Rxe5 19. Bxf6 Kxf6 20.
f4 Re2 21. Rf2 Bg4 22. Rxe2 Bxe2 23. Rd2 Re8 24. Kf2 Bb5 25. g4 Re4 26. g5+ Kf7
27. Kf3 Bc6 28. Kg4 Re3 29. h4 Rxc3 30. h5 Bf3+ 31. Kh4 Rc4 32. h6 Be4 33. Rd7+
Ke6 34. h7 Rc1 35. Kg3 Rh1 36. Rxc7 Rxh7 37. Rc5 Kd6 38. Ra5 b6 39. Rb5 Bd5 40.
Kg4 Rf7 41. g6 Rf8 42. Kg5 Bxa2 43. f5 Bc4 44. Rb2 Ke5 45. Rf2 Bg8 46. f6 b5
47. f7 b4 48. fxg8=Q Rxg8 49. Kh6 Kd4 50. Kh7 Rb8 51. g7 a5 52. g8=Q Rxg8 53.
Kxg8 b3 54. Rf5 a4 55. Rf4+ Kc3 56. Rxa4 b2 57. Ra8 b1=Q 58. Rf8 Qb7 59. Rf7
Qd5 60. Kg7 Qg5+ 61. Kf8 0-1

[Event "Open DLF"]
[Site "Udine ITA"]
[Date "2007.01.24"]
[Round "1"]
[White "Maestri, Roberto"]
[Black "Gentile, Bruno"]
[Result "0-1"]
[WhiteElo "1609"]
[BlackElo "1404"]
[PlyCount "98"]
[EventDate "2007.01.24"]

1. e4 e5 2. d4 d6 3. dxe5 dxe5 4. Qxd8+ Kxd8 5. Nf3 f6 6. Nc3 c6 7. Be3 Nh6 8.
O-O-O+ Kc7 9. Bxh6 gxh6 10. g3 Nd7 11. h4 Bb4 12. Nb1 Nc5 13. a3 Nxe4 14. axb4
Nxf2 15. Bd3 Nxh1 16. Rxh1 Bg4 17. Be4 Rae8 18. Nh2 h5 19. Rf1 Ref8 20. Bf5
Bxf5 21. Rxf5 Rhg8 22. Nf1 Rf7 23. Nc3 Rg4 24. b5 Kd6 25. bxc6 bxc6 26. Rxh5 f5
27. Ne3 Rg8 28. Nc4+ Ke6 29. Ne2 Rd8 30. Rh6+ Kd5 31. b3 f4 32. gxf4 exf4 33.
Rh5+ Ke6 34. Rh6+ Kf5 35. Nd6+ Rxd6 36. Rxd6 f3 37. Ng3+ Kg4 38. Nf1 f2 39.
Rxc6 Re7 40. Rc4+ Kf3 41. Kd2 Kg2 42. Ne3+ Rxe3 43. Kxe3 f1=Q 44. Rg4+ Kh2 45.
Rf4 Qc1+ 46. Kf3 Qxc2 47. Re4 Qxb3+ 48. Re3 Qd5+ 49. Re4 a5 0-1

[Event "Open DLF"]
[Site "Udine ITA"]
[Date "2007.01.24"]
[Round "1"]
[White "Muradore, Aldo"]
[Black "Capaliku, Aleks"]
[Result "0-1"]
[WhiteElo "1544"]
[BlackElo "2107"]
[PlyCount "58"]
[EventDate "2007.01.24"]

1. Nf3 c5 2. c4 e6 3. Nc3 d5 4. cxd5 exd5 5. d4 cxd4 6. Qa4+ Bd7 7. Qxd4 Be6 8.
e4 Nc6 9. Bb5 dxe4 10. Qxe4 Rc8 11. O-O Nf6 12. Qe2 a6 13. Bxc6+ Rxc6 14. Bg5
Be7 15. Rfd1 Rd6 16. Rxd6 Qxd6 17. Rd1 Qc7 18. Bxf6 Bxf6 19. Ne4 Be7 20. b3 O-O
21. Nd4 Qe5 22. Nf3 Qf4 23. g3 Qc7 24. Neg5 Bf5 25. Rd5 g6 26. h4 Bf6 27. h5
Bxg5 28. Nxg5 Qc1+ 29. Kh2 Qxg5 0-1

[Event "Open DLF"]
[Site "Udine ITA"]
[Date "2007.01.24"]
[Round "1"]
[White "Tassinari, Luca"]
[Black "Dizorz, Marco"]
[Result "1-0"]
[WhiteElo "1856"]
[BlackElo "1535"]
[PlyCount "45"]
[EventDate "2007.01.24"]

1. e4 e5 2. Nf3 Nc6 3. d4 exd4 4. Bc4 h6 5. O-O Be7 6. c3 dxc3 7. Qb3 d6 8.
Bxf7+ Kf8 9. Bg6 d5 10. exd5 Qd6 11. dxc6 Qxg6 12. cxb7 Bxb7 13. Qxb7 Qe8 14.
Nxc3 Bd6 15. Qe4 Qxe4 16. Nxe4 Ne7 17. Nxd6 cxd6 18. Bf4 Rd8 19. Rad1 Nc8 20.
Ne5 Ke8 21. Ng6 Rg8 22. h4 Ne7 23. Rfe1 1-0

[Event "Open DLF"]
[Site "Udine ITA"]
[Date "2007.01.31"]
[Round "2"]
[White "Agostino, Alessandro"]
[Black "Biason, Adriano"]
[Result "0-1"]
[WhiteElo "1592"]
[BlackElo "1901"]
[PlyCount "82"]
[EventDate "2007.01.24"]

1. f4 d5 2. Nf3 e6 3. e3 c5 4. Bb5+ Bd7 5. Bxd7+ Nxd7 6. O-O Ngf6 7. b3 Bd6 8.
Bb2 b5 9. h3 Qc7 10. d3 e5 11. Qe1 O-O-O 12. Nc3 a6 13. Ng5 Rdf8 14. Ne2 h6 15.
Nf3 exf4 16. exf4 Re8 17. Qd2 Nh5 18. Nh4 Rxe2 19. Qxe2 Ng3 20. Qf3 Nxf1 21.
Rxf1 d4 22. Nf5 g6 23. Nxd6+ Qxd6 24. Re1 Kc7 25. Bc1 f5 26. Bd2 b4 27. Re2 Nf6
28. Re5 Nd7 29. Re2 Nf6 30. Re5 Re8 31. Qe2 Kd7 32. Be1 Rxe5 33. fxe5 Qe6 34.
Bh4 g5 35. Be1 Nd5 36. g4 Nf4 37. Qf3 fxg4 38. Qb7+ Ke8 39. Qb8+ Kf7 40. h4 Qc6
41. Qa7+ Ke6 0-1

[Event "Open DLF"]
[Site "Udine ITA"]
[Date "2007.01.31"]
[Round "2"]
[White "Alessandro, Sergio"]
[Black "Cellante, Francesco"]
[Result "1-0"]
[WhiteElo "1676"]
[BlackElo "1422"]
[PlyCount "83"]
[EventDate "2007.01.24"]

1. b4 e5 2. Bb2 Bxb4 3. Bxe5 Nf6 4. c4 d5 5. e3 O-O 6. cxd5 Qxd5 7. Bxf6 gxf6
8. Nf3 Bg4 9. Be2 Nc6 10. Qc2 Bf5 11. Qb2 Qd6 12. O-O Rad8 13. a3 Ba5 14. d4
Bb6 15. Nbd2 Na5 16. Qb5 Qd5 17. Qb4 Rfe8 18. Nh4 Nc6 19. Qc4 Bg6 20. Qxd5 Rxd5
21. Nc4 Bxd4 22. Rad1 Rdd8 23. Nxg6 fxg6 24. Bf3 Bc5 25. Rb1 Rb8 26. Rfc1 Bf8
27. a4 Bh6 28. g3 Kg7 29. Bxc6 bxc6 30. Rxb8 Rxb8 31. Na5 Re8 32. Rxc6 Re7 33.
Nb7 Kf7 34. Nc5 Bf8 35. Na6 Rd7 36. Nxc7 Bd6 37. Nb5 Bb4 38. Nd4 a5 39. Ra6 f5
40. Nc6 Rd5 41. Kg2 Rd6 42. Nxb4 1-0

[Event "Open DLF"]
[Site "Udine ITA"]
[Date "2007.01.31"]
[Round "2"]
[White "Capaliku, Aleks"]
[Black "Degano, Emanuele"]
[Result "1-0"]
[WhiteElo "2107"]
[BlackElo "1623"]
[PlyCount "37"]
[EventDate "2007.01.24"]

1. a3 e5 2. c4 Nf6 3. e3 d5 4. cxd5 Nxd5 5. Nf3 Nc6 6. d3 a5 7. b3 f5 8. Bb2
Bd6 9. Nbd2 Nb6 10. Qc2 Be6 11. Nc4 Nxc4 12. bxc4 b6 13. d4 exd4 14. exd4 Qe7
15. Be2 Bd7 16. O-O O-O 17. Rfe1 Kh8 18. Bd3 Qf6 19. d5 1-0

[Event "Open DLF"]
[Site "Udine ITA"]
[Date "2007.01.31"]
[Round "2"]
[White "Dizorz, Marco"]
[Black "Maestri, Roberto"]
[Result "1/2-1/2"]
[WhiteElo "1535"]
[BlackElo "1609"]
[PlyCount "99"]
[EventDate "2007.01.24"]

1. e4 d6 2. Nf3 Nf6 3. Nc3 c6 4. h3 e5 5. Bc4 b5 6. Bd3 Nbd7 7. O-O Nc5 8. Re1
a5 9. a3 Nh5 10. Be2 Nf4 11. d3 g5 12. Bxf4 gxf4 13. d4 exd4 14. Qxd4 Rg8 15.
Kh1 Ne6 16. Qd2 h5 17. e5 d5 18. Bd3 Bh6 19. Bf5 Ra7 20. Bxe6 fxe6 21. Ne2 Rf7
22. Qc3 Qb6 23. Rf1 Bd7 24. b4 a4 25. Qd4 Qxd4 26. Nexd4 Rfg7 27. Rg1 Rg6 28.
Rad1 Bf8 29. Ne2 Bh6 30. Rd4 Rf8 31. Nc1 Bg7 32. Rd2 Kd8 33. Nd3 Rf7 34. Nc5
Bf8 35. Nd3 Kc7 36. Nde1 Kb6 37. Re2 c5 38. Nd3 cxb4 39. Nxb4 Bxb4 40. axb4 Rf8
41. c3 Rc8 42. Rc2 Rg7 43. Rgc1 Be8 44. Ra2 Bg6 45. Nd4 Re8 46. f3 Bd3 47. Rd2
Bc4 48. h4 a3 49. Ra1 a2 50. Ne2 1/2-1/2

[Event "Open DLF"]
[Site "Udine ITA"]
[Date "2007.01.31"]
[Round "2"]
[White "Fusco, Ferdinando"]
[Black "Guida, Giulia"]
[Result "1-0"]
[WhiteElo "1612"]
[BlackElo "1377"]
[PlyCount "95"]
[EventDate "2007.01.24"]

1. d4 Nf6 2. Nf3 g6 3. g3 Bg7 4. Bg2 d6 5. O-O O-O 6. Bg5 Qe8 7. c3 e5 8. dxe5
dxe5 9. Qb3 a5 10. Nbd2 Na6 11. Rad1 Rb8 12. Qc2 b6 13. Nc4 Bf5 14. Qc1 Nd7 15.
Bh6 Nac5 16. Bxg7 Kxg7 17. b4 Be6 18. Ne3 Nb7 19. Rd2 f5 20. Ng5 a4 21. Rfd1
Nd6 22. Nxe6+ Qxe6 23. Bd5 Qe7 24. c4 f4 25. Ng2 fxg3 26. hxg3 Nf6 27. Bc6 Kh8
28. Ne3 Nfe4 29. Bxe4 Nxe4 30. Rd7 Qg5 31. Rf1 h5 32. Nd5 Qxc1 33. Rxc1 Nxf2
34. Rxc7 Ne4 35. Ne7 Rf6 36. Rf1 Rxf1+ 37. Kxf1 Rf8+ 38. Ke1 Rf2 39. Nxg6+ Kg8
40. Nxe5 Rg2 41. Nf3 Nxg3 42. Re7 Nf5 43. Re5 Ng7 44. c5 bxc5 45. bxc5 Rg6 46.
Nh4 Rc6 47. Nf5 h4 48. Ne7+ 1-0

[Event "Open DLF"]
[Site "Udine ITA"]
[Date "2007.01.31"]
[Round "2"]
[White "Gentile, Bruno"]
[Black "Tassinari, Luca"]
[Result "0-1"]
[WhiteElo "1404"]
[BlackElo "1856"]
[PlyCount "64"]
[EventDate "2007.01.24"]

1. d4 Nf6 2. c4 g6 3. Nc3 Bg7 4. g3 d6 5. Bg2 O-O 6. Nf3 c5 7. e3 cxd4 8. Nxd4
Nbd7 9. O-O Rb8 10. Qc2 a6 11. Rd1 Qc7 12. Nce2 e5 13. Nf3 b5 14. Nd2 Nb6 15.
e4 Be6 16. Qd3 bxc4 17. Qa3 Bg4 18. Nf3 Nxe4 19. Qxa6 Nc5 20. Qa3 e4 21. Nfd4
Bxd4 22. Nxd4 Bxd1 23. Bh6 Bg4 24. Bxf8 Rxf8 25. Qe3 Nd5 26. Qg5 f5 27. h3 Bf3
28. Nxf3 exf3 29. Bxf3 Nf6 30. Qf4 Nd3 31. Qd2 Ne4 32. Bxe4 fxe4 0-1

[Event "Open DLF"]
[Site "Udine ITA"]
[Date "2007.01.31"]
[Round "2"]
[White "La Mura, Giuseppe"]
[Black "Bisaro, Andrea"]
[Result "1-0"]
[WhiteElo "1901"]
[BlackElo "1506"]
[PlyCount "47"]
[EventDate "2007.01.24"]

1. e4 g6 2. c4 c5 3. g3 Bg7 4. Bg2 d6 5. Ne2 Nf6 6. Nbc3 Nc6 7. d3 O-O 8. O-O
Ne8 9. h3 Nc7 10. Be3 Rb8 11. Qd2 b5 12. Rab1 Bd7 13. Bh6 bxc4 14. Bxg7 Kxg7
15. dxc4 Ne6 16. Kh2 Qa5 17. f4 Ned4 18. Rfd1 Be6 19. Nxd4 cxd4 20. Nd5 Qxa2
21. f5 Bd7 22. Nxe7 Nxe7 23. f6+ Kg8 24. Qh6 1-0

[Event "Open DLF"]
[Site "Udine ITA"]
[Date "2007.01.31"]
[Round "2"]
[White "Menon, Michele"]
[Black "Lagomarsino, Piero"]
[Result "1-0"]
[WhiteElo "1777"]
[BlackElo "1536"]
[PlyCount "77"]
[EventDate "2007.01.24"]

1. Nf3 Nf6 2. g3 g6 3. Bg2 Bg7 4. c4 c5 5. Nc3 Nc6 6. O-O O-O 7. d4 cxd4 8.
Nxd4 Nxd4 9. Qxd4 d6 10. Qd3 Nd7 11. b3 Rb8 12. Bb2 b6 13. Rad1 Bb7 14. e4 f5
15. Qd2 Nc5 16. exf5 Bxg2 17. Kxg2 Rxf5 18. b4 Nd7 19. Nd5 Ne5 20. Qe2 e6 21.
Nf4 Kf7 22. c5 Rxf4 23. Bxe5 Bxe5 24. gxf4 Bxf4 25. Qg4 e5 26. Rxd6 Qf8 27.
Qe6+ Kg7 28. Rd7+ Kh8 29. c6 Qh6 30. Qf6+ Kg8 31. Rd8+ Rxd8 32. Qxd8+ Kg7 33.
h3 g5 34. Qe7+ Kh8 35. c7 Qc6+ 36. Kg1 h5 37. Qf8+ Kh7 38. c8=Q Qf3 39. Qcf5#
1-0

[Event "Open DLF"]
[Site "Udine ITA"]
[Date "2007.01.31"]
[Round "2"]
[White "Pontonutti, Luciana"]
[Black "Di Tomaso, Fausto"]
[Result "0-1"]
[WhiteElo "1463"]
[BlackElo "1541"]
[PlyCount "110"]
[EventDate "2007.01.24"]

1. e4 c5 2. Nc3 e6 3. Nf3 Nc6 4. a3 a6 5. g3 b5 6. b4 cxb4 7. axb4 Bb7 8. Bg2
Qc7 9. O-O Bxb4 10. Bb2 Bf8 11. d4 O-O-O 12. Ne2 d5 13. e5 h6 14. h4 Be7 15.
Bc1 Rd7 16. c3 Na5 17. Ba3 Nc4 18. Bxe7 Nxe7 19. Nf4 g6 20. Nd3 Rdd8 21. Qb3
Nc6 22. Qa2 Qa5 23. Qb2 Nxb2 24. Rxa5 Nxa5 25. Nxb2 Nc4 26. Nd3 Kc7 27. Ra1 Ra8
28. Nfe1 Bc6 29. Nc5 Kb6 30. Nc2 a5 31. Rb1 Ra7 32. Bf1 Rd8 33. Bxc4 dxc4 34.
Ne3 a4 35. Nc2 a3 36. Nb4 Rda8 37. Na2 Kc7 38. f4 g5 39. fxg5 hxg5 40. Rf1 Kb6
41. Rf6 gxh4 42. gxh4 Rg8+ 43. Kf2 Rg2+ 44. Ke3 Rxa2 45. h5 Rh2 46. h6 a2 47.
d5 Bxd5 48. Nd7+ Rxd7 49. Rf1 Ra7 50. Ra1 Rb2 51. h7 Ra8 52. Kd4 Rh8 53. Rf1
Rxh7 54. Ke3 Rb1 55. Ke2 Rxf1 0-1

[Event "Open DLF"]
[Site "Udine ITA"]
[Date "2007.02.07"]
[Round "3"]
[White "Biason, Adriano"]
[Black "La Mura, Giuseppe"]
[Result "1-0"]
[WhiteElo "1901"]
[BlackElo "1901"]
[PlyCount "129"]
[EventDate "2007.01.24"]

1. d4 Nf6 2. c4 e6 3. e3 d5 4. cxd5 exd5 5. Nc3 a6 6. Bd3 Be7 7. Nge2 O-O 8.
O-O Bg4 9. f3 Bh5 10. Nf4 c5 11. Qb3 b5 12. dxc5 Nbd7 13. Ncxd5 Nxc5 14. Nxe7+
Qxe7 15. Qb4 Rfe8 16. Be2 Bg6 17. Nxg6 hxg6 18. e4 Qa7 19. Be3 Nd5 20. Bxc5
Nxb4 21. Bxa7 Rxa7 22. a3 Nc2 23. Rac1 Rc7 24. Rfd1 Rec8 25. Rd2 Nd4 26. Rxc7
Nxe2+ 27. Rxe2 Rxc7 28. Kf2 g5 29. Rd2 Kf8 30. Ke3 Ke7 31. g3 Rc5 32. h3 f6 33.
f4 gxf4+ 34. Kxf4 g5+ 35. Kg4 Ke6 36. h4 gxh4 37. gxh4 Rc4 38. Kf4 b4 39. axb4
Rxb4 40. Rc2 Kd6 41. h5 Rb5 42. Rh2 Ke7 43. h6 Rb8 44. h7 Rh8 45. b4 Kf7 46.
Kf5 Kg7 47. Ke6 Re8+ 48. Kd7 Rb8 49. Kc7 Rh8 50. Kb6 Rb8+ 51. Kxa6 Kh8 52. b5
Ra8+ 53. Kb7 Ra4 54. b6 Rxe4 55. Kb8 f5 56. b7 Rc4 57. Ra2 Kxh7 58. Ka8 Rb4 59.
b8=Q Rxb8+ 60. Kxb8 Kg6 61. Kc7 f4 62. Ra5 f3 63. Kd6 f2 64. Ra1 Kg5 65. Rf1
1-0

[Event "Open DLF"]
[Site "Udine ITA"]
[Date "2007.02.07"]
[Round "3"]
[White "Bisaro, Andrea"]
[Black "Fusco, Ferdinando"]
[Result "0-1"]
[WhiteElo "1506"]
[BlackElo "1612"]
[PlyCount "74"]
[EventDate "2007.01.24"]

1. d4 d5 2. c4 Nf6 3. cxd5 Nxd5 4. e4 Nf6 5. Nc3 e6 6. Bg5 Be7 7. e5 Nd5 8.
Bxe7 Qxe7 9. Qd2 O-O 10. Bc4 c6 11. Nf3 h6 12. g4 f6 13. h4 f5 14. gxf5 Rxf5
15. Nxd5 exd5 16. Be2 Be6 17. O-O-O Nd7 18. Rdg1 c5 19. Qxh6 cxd4 20. Bd3 Nc5
21. Bxf5 Bxf5 22. Qd6 Nd3+ 23. Kd2 Qe8 24. Qxd5+ Be6 25. Qxb7 Bf7 26. Kxd3 Rd8
27. Qa6 Rb8 28. Qa3 Qb5+ 29. Kxd4 Rb7 30. Rd1 Qb6+ 31. Ke4 Bg6+ 32. Kf4 Qxf2
33. e6 Rb5 34. Rd8+ Kh7 35. Qf8 Rf5+ 36. Qxf5 Bxf5 37. Kxf5 Qxf3+ 0-1

[Event "Open DLF"]
[Site "Udine ITA"]
[Date "2007.02.07"]
[Round "3"]
[White "Cellante, Francesco"]
[Black "Dizorz, Marco"]
[Result "0-1"]
[WhiteElo "1422"]
[BlackElo "1535"]
[PlyCount "44"]
[EventDate "2007.01.24"]

1. e4 e5 2. Nf3 Nc6 3. Bb5 a6 4. Ba4 Bc5 5. c3 h6 6. d4 exd4 7. cxd4 Ba7 8. O-O
Nge7 9. Nc3 O-O 10. Re1 d6 11. h3 b5 12. Bc2 Ng6 13. a3 Nh4 14. Nxh4 Qxh4 15.
Be3 f5 16. Bb3+ Kh8 17. Bd5 Bd7 18. f3 f4 19. Bf2 Qg5 20. Rc1 Bxh3 21. Kf1
Qxg2+ 22. Ke2 Nxd4+ 0-1

[Event "Open DLF"]
[Site "Udine ITA"]
[Date "2007.02.07"]
[Round "3"]
[White "Degano, Emanuele"]
[Black "Alessandro, Sergio"]
[Result "1-0"]
[WhiteElo "1623"]
[BlackElo "1676"]
[PlyCount "153"]
[EventDate "2007.01.24"]

1. e4 c5 2. Nf3 d6 3. d4 cxd4 4. Nxd4 g6 5. Be3 Bg7 6. Nc3 Nf6 7. Qd2 Ng4 8.
Bg5 Qb6 9. O-O-O Nc6 10. f3 Nxd4 11. fxg4 Bxg4 12. Re1 Nc6 13. Be3 Qa5 14. a3
Rc8 15. Bh6 Bxc3 16. Qxc3 Qxc3 17. bxc3 a6 18. Kd2 b5 19. c4 Nd4 20. Bg7 Nxc2
21. Kxc2 Rg8 22. Bd4 bxc4 23. Rb1 e5 24. Bf2 d5 25. h3 Bd7 26. g4 d4 27. Rb4
Bc6 28. Bg2 c3 29. Bxd4 exd4 30. Rxd4 f5 31. Re1 Kf7 32. Re3 fxe4 33. Bxe4 Rge8
34. Rf3+ Kg7 35. Bxc6 Rxc6 36. Rxc3 Re2+ 37. Kb3 Rxc3+ 38. Kxc3 Kf6 39. h4 Ke5
40. Ra4 Re3+ 41. Kd2 Rh3 42. h5 gxh5 43. gxh5 Kf5 44. Rxa6 Kg4 45. Ra5 h6 46.
Kc2 Rg3 47. a4 Re3 48. Rb5 Ra3 49. a5 Ra4 50. Kb3 Ra1 51. Kc4 Rc1+ 52. Kb3 Rb1+
53. Ka4 Ra1+ 54. Kb4 Rb1+ 55. Kc5 Ra1 56. Kb6 Re1 57. Rc5 Rb1+ 58. Ka7 Rb3 59.
Ka6 Kh4 60. Rb5 Re3 61. Kb6 Re6+ 62. Kc7 Re7+ 63. Kd6 Ra7 64. Ke6 Ra6+ 65. Kf7
Kg4 66. Ke7 Kh4 67. Kd7 Ra7+ 68. Kc6 Ra6+ 69. Kb7 Rf6 70. Rc5 Rf2 71. a6 Rb2+
72. Kc6 Ra2 73. Kb6 Rb2+ 74. Rb5 Rf2 75. a7 Ra2 76. Ra5 Rb2+ 77. Ka6 1-0

[Event "Open DLF"]
[Site "Udine ITA"]
[Date "2007.02.07"]
[Round "3"]
[White "Gentile, Bruno"]
[Black "Agostino, Alessandro"]
[Result "1-0"]
[WhiteElo "1404"]
[BlackElo "1592"]
[PlyCount "71"]
[EventDate "2007.01.24"]

1. d4 f5 2. c4 Nf6 3. g3 e6 4. Nf3 d5 5. Bg2 c6 6. cxd5 exd5 7. O-O Bd6 8. Nc3
O-O 9. Qc2 Ne4 10. Rd1 Nd7 11. Nxe4 fxe4 12. Ng5 Nf6 13. f3 h6 14. Nh3 Bf5 15.
Bf4 Bxf4 16. Nxf4 g5 17. fxe4 Nxe4 18. Nd3 Qb6 19. e3 Rf7 20. Qe2 Nf6 21. Ne5
Rg7 22. Rf1 Nd7 23. Rxf5 Nxe5 24. Rxe5 Rf8 25. Rf1 Qd8 26. Bf3 Rgf7 27. Qd3 Qd6
28. Bg2 Rxf1+ 29. Bxf1 Qf6 30. Qe2 h5 31. Bg2 g4 32. h4 Qf7 33. e4 Qh7 34. exd5
Qb1+ 35. Kh2 Qh7 36. Rg5+ 1-0

[Event "Open DLF"]
[Site "Udine ITA"]
[Date "2007.02.07"]
[Round "3"]
[White "Maestri, Roberto"]
[Black "Pontonutti, Luciana"]
[Result "0-1"]
[WhiteElo "1609"]
[BlackElo "1463"]
[PlyCount "22"]
[EventDate "2007.01.24"]

1. e4 d6 2. d4 Nf6 3. Nc3 g6 4. f4 Bg7 5. h3 O-O 6. g4 c5 7. dxc5 Ne8 8. h4
Bxc3+ 9. bxc3 Qa5 10. cxd6 Qxc3+ 11. Bd2 Qg3+ 0-1

[Event "Open DLF"]
[Site "Udine ITA"]
[Date "2007.02.07"]
[Round "3"]
[White "Orsatti, Marcello"]
[Black "Paiaro, Solivano"]
[Result "1-0"]
[WhiteElo "1767"]
[BlackElo "1425"]
[PlyCount "91"]
[EventDate "2007.01.24"]

1. e4 e5 2. Nf3 d6 3. Bc4 h6 4. O-O Bg4 5. h3 Bxf3 6. Qxf3 Qf6 7. Qb3 b6 8. Nc3
c6 9. a4 Qe7 10. d3 Nf6 11. f4 Nbd7 12. fxe5 Nxe5 13. Bf4 Nxc4 14. Qxc4 Rc8 15.
Rae1 Qd7 16. e5 Nd5 17. exd6+ Kd8 18. Nxd5 cxd5 19. Qxd5 Rc6 20. Re4 Bxd6 21.
Rd4 Kc7 22. Bxd6+ Rxd6 23. Qc4+ Kb8 24. Re4 f6 25. Rfe1 Rd8 26. Re7 Qc6 27. Qf7
R6d7 28. Qxg7 Kc7 29. Qg3+ Qd6 30. Qe3 Rxe7 31. Qxe7+ Rd7 32. Qe3 f5 33. Kf2
Qc6 34. Qf4+ Kb7 35. Qf3 Rd5 36. Re7+ Ka6 37. Re2 Qc5+ 38. Qe3 Re5 39. Qxc5
Rxc5 40. Kf3 Ka5 41. b3 Kb4 42. Kf4 Ka3 43. d4 Rd5 44. Rd2 Kb2 45. c4+ Kxb3 46.
cxd5 1-0